000 00552nam a2200217Ia 4500
003 OSt
005 20221007082630.0
006 a|||||r|||| 00| 0
007 ta
008 221006b |||||||| |||| 00| 0 eng d
024 _a26,194
037 _cTextual
040 _aFLL
_cFLL
_beng
041 _2eng
_aeng
082 _aX7:8F.2.N77t,P, L7.136-139
245 0 _aPublic accounts committee
260 _c1978
300 _av,1-116p
_ccm.
942 _hX7:8F.2.N77t,P, L7.136-139
_cTEXL
_2CC
999 _c1167150
_d1167150